[Event "VEN-ch"]
[Site "Caracas"]
[Date "2024.02.27"]
[Round "8"]
[White "Brizuela Abreu, Ronald Jesus"]
[Black "Rohl Montes, Juan Armando"]
[Result "1/2-1/2"]
[WhiteElo "2311"]
[BlackElo "2375"]
[PlyCount "20"]
[EventDate "2024.02.23"]
[EventType "tourn"]
[EventRounds "9"]
[EventCountry "VEN"]
[EventCategory "1"]
[SourceTitle "CB11_2024"]
[SourceDate "2024.03.13"]
[SourceVersion "1"]
[SourceVersionDate "2024.03.13"]
[SourceQuality "1"]

1. Nf3 d5 2. d4 Nf6 3. c4 c6 4. cxd5 cxd5 5. Nc3 Nc6 6. Bf4 a6 7. e3 Bf5 8. Bd3 Bxd3 9. Qxd3 e6 10. 0-0 Bd6 1/2-1/2

[Event "Olympiad-44"]
[Site "Chennai"]
[Date "2022.08.02"]
[Round "5.1"]
[White "Rohl Montes, Juan Armando"]
[Black "Rehan, Deng Cypriano"]
[Result "1-0"]
[WhiteElo "2382"]
[BlackElo "2105"]
[PlyCount "59"]
[EventDate "2022.07.29"]
[EventType "team-swiss"]
[EventRounds "11"]
[EventCountry "IND"]
[SourceTitle "CBM 210"]
[Source "ChessBase"]
[SourceDate "2022.10.31"]
[SourceVersion "1"]
[SourceVersionDate "2022.10.31"]
[SourceQuality "1"]
[WhiteTeam "Venezuela"]
[BlackTeam "South Sudan"]
[WhiteTeamCountry "VEN"]
[BlackTeamCountry "SUD"]

1. e4 e6 2. d4 d5 3. Nd2 Nd7 4. Ngf3 dxe4 5. Nxe4 Ngf6 6. Bd3 Nxe4 7. Bxe4 h6 8. 0-0 Nf6 9. Bd3 Bd6 10. Re1 0-0 11. Ne5 c5 12. dxc5 Bxc5 13. Qf3 Qe7 14. Qg3 Kh8 15. Qh4 Nh7 16. Qh5 Kg8 17. Ng4 f5 18. Qg6 fxg4 19. Qxh7+ Kf7 20. Bg6+ Kf6 21. Bf4 Rh8 22. Be5+ Kg5 23. Qxh8 Kxg6 24. Re4 h5 25. Bc3 Bd7 26. Qxa8 Bc6 27. Re5 Bxf2+ 28. Kxf2 Qh4+ 29. Kg1 Bxg2 30. Qe8+ 1-0

[Event "Titled Tuesday intern op 07th Jun Late"]
[Site "Chess.com INT"]
[Date "2022.06.07"]
[Round "2"]
[White "Rohl Montes, Juan Armando"]
[Black "Ansh, M Shah"]
[Result "1-0"]
[WhiteElo "2382"]
[BlackElo "2143"]
[PlyCount "195"]
[EventDate "2022.06.07"]
[EventType "swiss (blitz)"]
[EventRounds "11"]
[EventCountry "USA"]
[SourceTitle "CBM 208 Extra"]
[Source "ChessBase"]
[SourceDate "2022.07.31"]
[SourceVersion "1"]
[SourceVersionDate "2022.07.31"]
[SourceQuality "1"]

1. e4 c6 2. d4 d5 3. exd5 cxd5 4. c4 Nf6 5. Nc3 Nc6 6. Bg5 e6 7. c5 Be7 8. Bb5 0-0 9. Nf3 Bd7 10. 0-0 h6 11. Bh4 Ne4 12. Bxe7 Qxe7 13. Qc2 Nb4 14. Qa4 Bxb5 15. Nxb5 Nc6 16. Rfe1 a6 17. Nc3 f5 18. Rac1 Rae8 19. a3 Rf7 20. b4 Qf6 21. b5 axb5 22. Nxb5 g5 23. Nd6 Nxd6 24. cxd6 g4 25. Ne5 Rg7 26. Nxc6 bxc6 27. Qxc6 Rd8 28. Re5 Rgd7 29. Rce1 Rxd6 30. Qc3 Kf7 31. h3 h5 32. a4 gxh3 33. Qxh3 Qg5 34. R1e3 h4 35. Rc3 Rg8 36. Rc7+ Kf6 37. Rh7 Qc1+ 38. Kh2 Qf4+ 39. Kg1 Qc1+ 40. Kh2 Qf4+ 41. Kg1 Qxd4 42. Re1 Qg4 43. Rh6+ Kf7 44. Rxh4 Qxh3 45. Rxh3 Rg4 46. Rh7+ Kf6 47. Rh6+ Kf7 48. Rh7+ Kg6 49. Re7 Kf6 50. Re8 Rxa4 51. g3 Re4 52. Rc1 Ke5 53. Rb8 Ra6 54. Rb2 f4 55. gxf4+ Kxf4 56. Kg2 e5 57. Rc3 Rg6+ 58. Kf1 Rd4 59. Ke2 Rg1 60. Rf3+ Ke4 61. Re3+ Kf5 62. Rb8 Rgd1 63. Rf8+ Kg4 64. Rxe5 R1d2+ 65. Ke3 R2d3+ 66. Ke2 Rd2+ 67. Kf1 Re4 68. Rxe4+ dxe4 69. Ke1 Ra2 70. Rf7 Kg5 71. Kf1 Kg4 72. Re7 Kf3 73. Rf7+ Kg4 74. Ke1 Rb2 75. Rf8 Kg5 76. Re8 Kf4 77. Rf8+ Kg4 78. Rf7 Ra2 79. Kf1 Rb2 80. Kg1 Ra2 81. Rf8 Kg5 82. Re8 Kf4 83. Kg2 Kg4 84. Rxe4+ Kf5 85. Rb4 Kf6 86. Kg3 Ra1 87. f4 Rg1+ 88. Kf2 Ra1 89. Kf3 Ra2 90. Rb5 Ra1 91. Rb6+ Kf7 92. Kg4 Rg1+ 93. Kf5 Ra1 94. Rb7+ Kf8 95. Rb6 Ra5+ 96. Kg6 Ra8 97. f5 Kg8 98. Rb7 1-0

[Event "Titled Tuesday intern op 07th Jun Late"]
[Site "Chess.com INT"]
[Date "2022.06.07"]
[Round "7"]
[White "Rohl Montes, Juan Armando"]
[Black "Badelka, Olga"]
[Result "1/2-1/2"]
[WhiteElo "2382"]
[BlackElo "2448"]
[PlyCount "65"]
[EventDate "2022.06.07"]
[EventType "swiss (blitz)"]
[EventRounds "11"]
[EventCountry "USA"]
[SourceTitle "CBM 208 Extra"]
[Source "ChessBase"]
[SourceDate "2022.07.31"]
[SourceVersion "1"]
[SourceVersionDate "2022.07.31"]
[SourceQuality "1"]

1. e4 c5 2. c3 Nf6 3. e5 Nd5 4. Nf3 e6 5. d4 cxd4 6. cxd4 d6 7. Bc4 Nc6 8. 0-0 Nb6 9. Bb3 dxe5 10. dxe5 Qxd1 11. Rxd1 Na5 12. Bc2 Bd7 13. Be4 Bc6 14. Nc3 Bb4 15. Bxc6+ Nxc6 16. Ne4 Rd8 17. Bg5 Rxd1+ 18. Rxd1 h6 19. Be3 Nd5 20. Bc5 Bxc5 21. Nxc5 b6 22. Ne4 Kd7 23. g3 Rd8 24. Kf1 Ke7 25. Ke2 f5 26. exf6+ gxf6 27. Rc1 Rc8 28. Nc3 Nxc3+ 29. Rxc3 Kd7 30. Rd3+ Ke7 31. Rc3 Kd7 32. Rd3+ Ke7 33. Rc3 1/2-1/2

[Event "Titled Tuesday intern op 07th Jun Late"]
[Site "Chess.com INT"]
[Date "2022.06.07"]
[Round "5"]
[White "Zhigalko, Sergei"]
[Black "Rohl Montes, Juan Armando"]
[Result "0-1"]
[WhiteElo "2572"]
[BlackElo "2382"]
[PlyCount "114"]
[EventDate "2022.06.07"]
[EventType "swiss (blitz)"]
[EventRounds "11"]
[EventCountry "USA"]
[SourceTitle "CBM 208 Extra"]
[Source "ChessBase"]
[SourceDate "2022.07.31"]
[SourceVersion "1"]
[SourceVersionDate "2022.07.31"]
[SourceQuality "1"]

1. e4 e5 2. Nf3 Nc6 3. Bc4 Nf6 4. d3 Bc5 5. 0-0 0-0 6. Nbd2 d5 7. exd5 Nxd5 8. Ne4 Be7 9. Re1 a6 10. Ng3 Nb6 11. Bb3 Bf6 12. h3 a5 13. a3 Nd4 14. Nxd4 exd4 15. Qf3 a4 16. Ba2 c6 17. Nh5 Be6 18. Nxf6+ Qxf6 19. Qxf6 gxf6 20. Bxe6 fxe6 21. Rxe6 Kf7 22. Re4 Rfe8 23. Kf1 Rxe4 24. dxe4 Nc4 25. Ke2 b5 26. Kd3 c5 27. f4 h5 28. Ke2 h4 29. b3 axb3 30. cxb3 Na5 31. Rb1 c4 32. bxc4 bxc4 33. Rb5 Nb3 34. Bb2 d3+ 35. Ke3 Rd8 36. Rb7+ Kg8 37. Bc3 d2 38. Bxd2 Rxd2 39. e5 fxe5 40. fxe5 Rxg2 41. Kf4 Rg7 42. Rb8+ Kh7 43. e6 Rc7 44. Rd8 Kg6 45. Ke5 c3 46. Rg8+ Kh6 47. Kd6 c2 48. Rg1 c1Q 49. Rxc1 Rxc1 50. e7 Re1 51. a4 Nc5 52. a5 Nb7+ 53. Kd7 Nxa5 54. e8Q Rxe8 55. Kxe8 Kg5 56. Kf7 Kf4 57. Kg6 Kg3 0-1

[Event "Port of Spain op"]
[Site "Port of Spain"]
[Date "2017.09.01"]
[Round "8"]
[White "Rohl Montes, Juan Armando"]
[Black "Soondarsingh, Dev"]
[Result "1-0"]
[WhiteElo "2372"]
[BlackElo "1951"]
[PlyCount "83"]
[EventDate "2017.08.27"]
[EventType "swiss"]
[EventRounds "9"]
[EventCountry "TRI"]
[SourceTitle "CBM 180 Extra"]
[Source "ChessBase"]
[SourceDate "2017.10.06"]
[SourceVersion "1"]
[SourceVersionDate "2017.10.06"]
[SourceQuality "1"]

1. e4 c5 2. Nf3 e6 3. d4 cxd4 4. Nxd4 a6 5. Bd3 Qc7 6. 0-0 Nf6 7. Qe2 d6 8. f4 Nbd7 9. c4 h5 10. h3 Be7 11. Nc3 h4 12. Be3 Nh5 13. Qd2 Ng3 14. Rfe1 Nf6 15. Nde2 Nfh5 16. Nxg3 Nxg3 17. Ne2 Nh5 18. Rac1 Bd7 19. Nc3 Rc8 20. Qf2 Ng3 21. Bb6 Qb8 22. Bd4 0-0 23. f5 Bg5 24. f6 Bxc1 25. fxg7 Rfe8 26. Rxc1 e5 27. Ba7 Qa8 28. Nd5 Re6 29. Be3 Rd8 30. Nc7 Qc8 31. Nxe6 Bxe6 32. Qf6 Nh5 33. Qxh4 Nxg7 34. Bg5 Qc5+ 35. Kh1 f6 36. Bxf6 Rd7 37. Rf1 Bxc4 38. Rc1 b5 39. b3 Qa3 40. Rxc4 bxc4 41. Bxc4+ Rf7 42. Qg5 1-0

[Event "Port of Spain op"]
[Site "Port of Spain"]
[Date "2016.07.30"]
[Round "2"]
[White "Rohl Montes, Juan Armando"]
[Black "Moradiabadi, Elshan"]
[Result "0-1"]
[WhiteElo "2376"]
[BlackElo "2597"]
[PlyCount "76"]
[EventDate "2016.07.29"]
[EventType "swiss"]
[EventRounds "9"]
[EventCountry "TRI"]
[SourceTitle "CBM 173 Extra"]
[Source "ChessBase"]
[SourceDate "2016.08.29"]
[SourceVersion "1"]
[SourceVersionDate "2016.08.29"]
[SourceQuality "1"]

1. c4 e6 2. g3 d5 3. Bg2 dxc4 4. Na3 Bxa3 5. bxa3 Nc6 6. Bb2 e5 7. Qa4 Bd7 8. Qxc4 Nge7 9. Nf3 Be6 10. Qc2 f6 11. 0-0 Qd7 12. Rfd1 Bf5 13. d3 Rd8 14. Rac1 0-0 15. a4 Rfe8 16. Nd2 Be6 17. Ne4 Qc8 18. Nc5 Bf7 19. Ba3 Nd4 20. Qb2 Bd5 21. e3 Nf3+ 22. Kh1 Ng5 23. e4 Bc6 24. h4 Nf7 25. Kh2 b6 26. Bh3 f5 27. Nb3 Bd7 28. Bxe7 Rxe7 29. Bg2 f4 30. a5 Bg4 31. Rd2 g5 32. Rg1 f3 33. Bf1 c5 34. Rh1 gxh4 35. gxh4 Rd6 36. Rg1 Rh6 37. Rg3 Rxh4+ 38. Kg1 Qe6 0-1

[Event "VEN-ch"]
[Site "Merida"]
[Date "2016.02.27"]
[Round "9"]
[White "Rohl Montes, Juan Armando"]
[Black "Vidal Melendez, Ismael David"]
[Result "1-0"]
[WhiteElo "2403"]
[BlackElo "2248"]
[PlyCount "65"]
[EventDate "2016.02.21"]
[EventType "tourn"]
[EventRounds "9"]
[EventCountry "VEN"]
[EventCategory "2"]
[SourceTitle "CBM 171 Extra"]
[Source "ChessBase"]
[SourceDate "2016.04.26"]
[SourceVersion "1"]
[SourceVersionDate "2016.04.26"]
[SourceQuality "1"]

1. c4 c6 2. g3 d5 3. Nf3 Nf6 4. Bg2 Bf5 5. cxd5 cxd5 6. Qb3 Qb6 7. Nc3 e6 8. d3 Nc6 9. 0-0 Be7 10. Be3 Qc7 11. Nb5 Qd7 12. Nbd4 Bg4 13. Nxc6 Qxc6 14. Rfc1 Qa6 15. Nd4 Bd8 16. h3 Bh5 17. g4 Bg6 18. Qb5+ Nd7 19. a4 Bb6 20. Qxa6 bxa6 21. Nc6 0-0 22. b4 Rfe8 23. b5 Nb8 24. Bxb6 axb6 25. f4 Nd7 26. f5 exf5 27. Bxd5 Kf8 28. Nb4 Ra7 29. bxa6 Nb8 30. Bb7 fxg4 31. hxg4 Rxe2 32. Rc8+ Re8 33. Rac1 1-0

[Event "VEN-ch"]
[Site "Merida"]
[Date "2016.02.23"]
[Round "4"]
[White "Gascon del Nogal, Jose Rafael"]
[Black "Rohl Montes, Juan Armando"]
[Result "1-0"]
[WhiteElo "2457"]
[BlackElo "2403"]
[PlyCount "105"]
[EventDate "2016.02.21"]
[EventType "tourn"]
[EventRounds "9"]
[EventCountry "VEN"]
[EventCategory "2"]
[SourceTitle "CBM 171 Extra"]
[Source "ChessBase"]
[SourceDate "2016.04.26"]
[SourceVersion "1"]
[SourceVersionDate "2016.04.26"]
[SourceQuality "1"]

1. e4 e5 2. Nf3 Nc6 3. d4 exd4 4. Nxd4 Nf6 5. Nxc6 bxc6 6. e5 Qe7 7. Qe2 Nd5 8. c4 Ba6 9. Nd2 g6 10. Nf3 Qb4+ 11. Kd1 Rb8 12. Qc2 Ne7 13. Qb3 c5 14. Qxb4 Rxb4 15. b3 Rb6 16. Bb2 Nc6 17. Bc3 Bg7 18. Kc2 Nb4+ 19. Kb2 0-0 20. h4 Bb7 21. a3 Nc6 22. Bd3 d6 23. exd6 cxd6 24. Bxg7 Kxg7 25. Kc3 a5 26. Bc2 Ne5 27. Nxe5 dxe5 28. Rhe1 Kf6 29. g4 Rd8 30. g5+ Ke6 31. f4 Rd4 32. Rxe5+ Kd6 33. Rd1 Rxd1 34. Bxd1 Bc6 35. h5 Rb8 36. h6 f6 37. gxf6 Rf8 38. Re7 Rxf6 39. Rxh7 Rxf4 40. Rg7 Be4 41. Bc2 Bxc2 42. Kxc2 Ke5 43. Rxg6 Rf2+ 44. Kd3 Rf3+ 45. Ke2 Rh3 46. Kf2 Kd4 47. Rg4+ Ke5 48. Rg5+ Kd4 49. Rg4+ Ke5 50. Rg6 Rxb3 51. Rg5+ Kf6 52. Rh5 Rb8 53. h7 1-0

[Event "VEN-ch"]
[Site "Lecheria"]
[Date "2015.03.17"]
[Round "8"]
[White "Bobadilla Viera, Jorge Samuel"]
[Black "Rohl Montes, Juan Armando"]
[Result "1-0"]
[WhiteElo "2230"]
[BlackElo "2407"]
[PlyCount "93"]
[EventDate "2015.03.12"]
[EventType "tourn"]
[EventRounds "11"]
[EventCountry "VEN"]
[EventCategory "1"]
[SourceTitle "CBM 165 Extra"]
[Source "ChessBase"]
[SourceDate "2015.04.21"]
[SourceVersion "1"]
[SourceVersionDate "2015.04.21"]
[SourceQuality "1"]

1. e4 e6 2. d4 d5 3. Nc3 Nf6 4. Bg5 Be7 5. e5 Nfd7 6. Bxe7 Qxe7 7. f4 a6 8. Nf3 c5 9. Qd2 Nc6 10. dxc5 Nxc5 11. 0-0-0 b5 12. Nd4 Nxd4 13. Qxd4 b4 14. Ne2 a5 15. Kb1 Qa7 16. Ng3 g6 17. f5 Bd7 18. fxe6 fxe6 19. h4 0-0-0 20. Be2 Kb8 21. Rhf1 Bc8 22. Rf6 Rhe8 23. Bg4 Rd7 24. Rdf1 Rb7 25. Rf8 Rxf8 26. Rxf8 a4 27. Qxd5 Rc7 28. Qd6 b3 29. axb3 axb3 30. cxb3 Nd7 31. Rf4 Qc5 32. Rb4+ Ka7 33. Rc4 Qg1+ 34. Ka2 Rxc4 35. bxc4 Qxg2 36. Bxe6 Qxg3 37. Bxd7 Bxd7 38. Qxd7+ Kb6 39. Qd8+ Kc5 40. e6 Kxc4 41. Qc8+ Kd5 42. e7 Qxh4 43. Qd7+ Kc5 44. e8Q Qc4+ 45. Kb1 Qf1+ 46. Kc2 Qc4+ 47. Kd2 1-0

[Event "VEN-ch"]
[Site "Lecheria"]
[Date "2015.03.16"]
[Round "7"]
[White "Rohl Montes, Juan Armando"]
[Black "Gascon del Nogal, Jose Rafael"]
[Result "1/2-1/2"]
[WhiteElo "2407"]
[BlackElo "2398"]
[PlyCount "24"]
[EventDate "2015.03.12"]
[EventType "tourn"]
[EventRounds "11"]
[EventCountry "VEN"]
[EventCategory "1"]
[SourceTitle "CBM 165 Extra"]
[Source "ChessBase"]
[SourceDate "2015.04.21"]
[SourceVersion "1"]
[SourceVersionDate "2015.04.21"]
[SourceQuality "1"]

1. e4 e5 2. Nf3 Nc6 3. Bb5 Nf6 4. 0-0 Nxe4 5. d4 Nd6 6. Bxc6 dxc6 7. dxe5 Nf5 8. Qxd8+ Kxd8 9. Nc3 Ke8 10. Rd1 Be7 11. Bg5 Bxg5 12. Nxg5 h6 1/2-1/2

[Event "VEN-ch"]
[Site "Lecheria"]
[Date "2015.03.13"]
[Round "3"]
[White "Rohl Montes, Juan Armando"]
[Black "Palencia Morales, Wilson Guillermo"]
[Result "1/2-1/2"]
[WhiteElo "2407"]
[BlackElo "2305"]
[PlyCount "118"]
[EventDate "2015.03.12"]
[EventType "tourn"]
[EventRounds "11"]
[EventCountry "VEN"]
[EventCategory "1"]
[SourceTitle "CBM 165 Extra"]
[Source "ChessBase"]
[SourceDate "2015.04.21"]
[SourceVersion "1"]
[SourceVersionDate "2015.04.21"]
[SourceQuality "1"]

1. e4 c5 2. Nf3 d6 3. Bb5+ Nc6 4. Bxc6+ bxc6 5. 0-0 e5 6. c3 g5 7. d4 g4 8. Nfd2 cxd4 9. cxd4 exd4 10. Re1 Be6 11. Na3 Ne7 12. Ndc4 Bg7 13. Bf4 Nc8 14. e5 d5 15. Nd2 Qb6 16. Nb3 c5 17. Rc1 Bf8 18. Bg5 Rg8 19. Bf6 Rg6 20. Nc2 d3 21. Ne3 c4 22. Nd2 Qa6 23. b3 Nb6 24. bxc4 dxc4 25. Ne4 Bb4 26. Rf1 Rc8 27. Rb1 Bf8 28. Qd2 Nd5 29. Nc3 Nxc3 30. Qxc3 Bc5 31. Rfc1 Qc6 32. Nxc4 Bxc4 33. Qxc4 Bxf2+ 34. Kxf2 Qxc4 35. Rxc4 Rxc4 36. Ke3 Rc2 37. Kxd3 Rxa2 38. Rb7 Ra6 39. Ke3 Re6 40. Kf4 Rgxf6+ 41. exf6 Rxf6+ 42. Kxg4 a6 43. h4 h6 44. Kh5 Kf8 45. g4 Kg7 46. g5 hxg5 47. Kxg5 Rc6 48. h5 Rc5+ 49. Kg4 Ra5 50. Ra7 Ra1 51. Kg5 a5 52. h6+ Kg8 53. Ra8+ Kh7 54. Ra7 Rg1+ 55. Kh5 Rh1+ 56. Kg5 Rg1+ 57. Kh5 Rf1 58. Rxa5 Rh1+ 59. Kg5 Rxh6 1/2-1/2

[Event "Caracas"]
[Site "Caracas"]
[Date "2014.11.09"]
[Round "6"]
[White "Prasca Sosa, Rafael Felipe"]
[Black "Rohl Montes, Juan Armando"]
[Result "1/2-1/2"]
[WhiteElo "2392"]
[BlackElo "2407"]
[PlyCount "38"]
[EventDate "2014.11.06"]
[EventType "tourn"]
[EventRounds "9"]
[EventCountry "VEN"]
[EventCategory "8"]
[SourceTitle "EXT 2015"]
[Source "ChessBase"]
[SourceDate "2014.11.20"]
[SourceVersion "1"]
[SourceVersionDate "2014.11.20"]
[SourceQuality "1"]

1. e4 e6 2. d4 d5 3. Nc3 Nf6 4. e5 Nfd7 5. f4 c5 6. Nf3 Nc6 7. Be3 Qb6 8. Qd2 cxd4 9. Nxd4 Qxb2 10. Rb1 Qa3 11. Bb5 Nxd4 12. Bxd4 a6 13. Rb3 Qe7 14. Ba4 Qd8 15. Bb6 Qh4+ 16. Bf2 Qd8 17. Bb6 Qh4+ 18. Bf2 Qd8 19. Bb6 Qh4+ 1/2-1/2

[Event "Caracas"]
[Site "Caracas"]
[Date "2014.11.09"]
[Round "5"]
[White "Rohl Montes, Juan Armando"]
[Black "Blanco Ronquillo, Humberto L"]
[Result "1-0"]
[WhiteElo "2407"]
[BlackElo "2440"]
[PlyCount "76"]
[EventDate "2014.11.06"]
[EventType "tourn"]
[EventRounds "9"]
[EventCountry "VEN"]
[EventCategory "8"]
[SourceTitle "EXT 2015"]
[Source "ChessBase"]
[SourceDate "2014.11.20"]
[SourceVersion "1"]
[SourceVersionDate "2014.11.20"]
[SourceQuality "1"]

1. e4 c5 2. c3 Nf6 3. e5 Nd5 4. d4 cxd4 5. Nf3 Nc6 6. cxd4 d6 7. Bc4 Nb6 8. Bb5 e6 9. 0-0 Be7 10. Nc3 0-0 11. Qe2 Bd7 12. a3 d5 13. Bd3 f5 14. exf6 Bxf6 15. Bc2 Qe8 16. Qd3 Qh5 17. Re1 Be8 18. Ne2 Bg6 19. Qd1 Bxc2 20. Qxc2 Rac8 21. Qd1 Qf7 22. Bf4 Nxd4 23. Nfxd4 e5 24. Nb5 Rc5 25. Nxa7 exf4 26. Qb3 Nc4 27. Qb4 b6 28. Nb5 f3 29. Ned4 Bxd4 30. Nxd4 Qg6 31. g3 Qg4 32. Rad1 Qh3 33. Nxf3 Rxf3 34. b3 Nb2 35. Qxb6 Rc8 36. Rxd5 Nd3 37. Rd8+ Rf8 38. Rxd3 Qh5 1-0

[Event "Olympiad-41"]
[Site "Tromsoe"]
[Date "2014.08.10"]
[Round "8.2"]
[White "Rozentalis, Eduardas"]
[Black "Rohl Montes, Juan Armando"]
[Result "1-0"]
[WhiteElo "2606"]
[BlackElo "2390"]
[PlyCount "59"]
[EventDate "2014.08.02"]
[EventType "team-swiss"]
[EventRounds "11"]
[EventCountry "NOR"]
[SourceTitle "CBM 162"]
[Source "ChessBase"]
[SourceDate "2014.09.17"]
[SourceVersion "1"]
[SourceVersionDate "2014.09.17"]
[SourceQuality "1"]
[WhiteTeam "Lithuania"]
[BlackTeam "Venezuela"]
[WhiteTeamCountry "LTU"]
[BlackTeamCountry "VEN"]

1. e4 e6 2. d4 d5 3. Nd2 Nf6 4. e5 Nfd7 5. Bd3 c5 6. c3 Nc6 7. Ne2 cxd4 8. cxd4 f6 9. exf6 Nxf6 10. Nf3 Qc7 11. 0-0 Bd6 12. g3 0-0 13. Bf4 Ng4 14. Rc1 Bd7 15. Re1 Bxf4 16. Nxf4 Rxf4 17. gxf4 Qxf4 18. Bf1 Rf8 19. Bg2 Qd6 20. Rc3 Nh6 21. Ne5 Nf5 22. Nxc6 bxc6 23. Bh3 Nh4 24. Qg4 Rf4 25. Qg3 Qf8 26. Bxe6+ Bxe6 27. Rxe6 Qf5 28. h3 Nf3+ 29. Rxf3 Rxf3 30. Qb8+ 1-0

[Event "VEN-ch"]
[Site "Lecheria"]
[Date "2014.01.15"]
[Round "9"]
[White "Rohl Montes, Juan Armando"]
[Black "Prasca Sosa, Rafael Felipe"]
[Result "1/2-1/2"]
[WhiteElo "2405"]
[BlackElo "2414"]
[PlyCount "61"]
[EventDate "2014.01.10"]
[EventType "swiss"]
[EventRounds "9"]
[EventCountry "VEN"]
[SourceTitle "CBM 158 Extra"]
[Source "ChessBase"]
[SourceDate "2014.02.28"]
[SourceVersion "1"]
[SourceVersionDate "2014.02.28"]
[SourceQuality "1"]

1. Nf3 d5 2. g3 c6 3. Bg2 Nf6 4. d3 Bf5 5. 0-0 h6 6. Nbd2 e6 7. b3 Be7 8. Bb2 0-0 9. c4 Bh7 10. a3 a5 11. Rc1 Na6 12. Rc2 Nd7 13. Qa1 Bf6 14. Bxf6 Qxf6 15. Qxf6 Nxf6 16. Ne5 Rfd8 17. Rb1 Ne8 18. f4 Nd6 19. Kf2 Kf8 20. h4 f6 21. Nef3 h5 22. Bh3 Kf7 23. Nd4 Re8 24. c5 Nc8 25. b4 axb4 26. axb4 e5 27. b5 exd4 28. bxa6 Rxa6 29. Bxc8 Rxc8 30. Nf3 Ra7 31. Nxd4 1/2-1/2

[Event "VEN-ch"]
[Site "Lecheria"]
[Date "2014.01.14"]
[Round "8"]
[White "Rohl Montes, Juan Armando"]
[Black "Gascon del Nogal, Jose Rafael"]
[Result "1/2-1/2"]
[WhiteElo "2405"]
[BlackElo "2291"]
[PlyCount "60"]
[EventDate "2014.01.10"]
[EventType "swiss"]
[EventRounds "9"]
[EventCountry "VEN"]
[SourceTitle "CBM 158 Extra"]
[Source "ChessBase"]
[SourceDate "2014.02.28"]
[SourceVersion "1"]
[SourceVersionDate "2014.02.28"]
[SourceQuality "1"]

1. e4 e5 2. Nf3 Nc6 3. Bc4 Nf6 4. d4 exd4 5. e5 d5 6. Bb5 Ne4 7. Nxd4 Bc5 8. Be3 0-0 9. Nxc6 bxc6 10. Bxc5 Nxc5 11. Bxc6 Ba6 12. Nc3 Rb8 13. Qxd5 Qe7 14. 0-0-0 Rb4 15. Rd4 Ne6 16. Rxb4 Qxb4 17. Qe4 Qb6 18. Bd5 Rb8 19. b3 Qxf2 20. Bxe6 fxe6 21. Qc6 Bf1 22. Qxe6+ Kh8 23. Qg4 Rf8 24. Kb2 h6 25. Qg3 Qd2 26. Nb1 Qe2 27. Nc3 Qd2 28. Nb1 Qe2 29. Nc3 Qd2 30. Nb1 Qe2 1/2-1/2